| 000 | 01126cam a22003134a 4500 | ||
|---|---|---|---|
| 999 |
_c8173 _d8173 |
||
| 001 | 12777146 | ||
| 003 | GZU | ||
| 005 | 20210517123354.0 | ||
| 008 | 020516s2003 mau bd 000 0 eng | ||
| 010 | _a 2002007797 | ||
| 020 | _a063122663X (hardcover : alk. paper) | ||
| 020 | _a0631226648 (pbk. : alk. paper) | ||
| 040 |
_aDLC _cDLC _dDLC |
||
| 042 | _apcc | ||
| 050 | 0 | 0 |
_aP29 _b.CRY 2003 |
| 100 | 1 |
_aCrystal, David, _d1941- _eauthor |
|
| 245 | 1 | 2 |
_aA dictionary of linguistics & phonetics / _cDavid Crystal. |
| 246 | 3 | 1 | _aDictionary of linguistics and phonetics |
| 250 | _a5th ed. | ||
| 260 |
_aMalden, MA : _bBlackwell Pub., _c2003. |
||
| 300 |
_axxiv, 508 p. ; _c26 cm. |
||
| 490 | 0 | _aThe Language library | |
| 500 | _aIncludes bibliographical references | ||
| 504 | _aIncludes bibliographical references. | ||
| 650 | 0 |
_aLinguistics _vDictionaries. |
|
| 906 |
_a7 _bcbc _corignew _d1 _eecip _f20 _gy-gencatlg |
||
| 942 |
_2lcc _cBK _e5th edition _h29 _iCRY _kP |
||